000 01550nam0a22002531 4500
001 rc\4868991
005 20260407152941.0
021 _aRU
_bРг2066-60
035 _a(NLR Aleph) 008821650
090 _a8226042
_c8226042
100 _a20130426d1960 |||y0rusy50 ca
101 0 _arus
102 _aRU
105 _ay z |||||
200 1 _aТезисы докладов и сообщений на Научном совещании по вопросам повышения эффективности капитальных вложений за счет сокращения сроков строительства. 26-29 января 1960 г.
_fМоск. инж.-экон. ин-т им. Серго Орджоникидзе (МИЭИ). Госстрой СССР. Отд. экономики и организации строительства. Науч.-исслед. ин-т экономики строительства АСиА СССР. НТО строит. индустрии СССР. Секция экономики и организации
210 _aМосква
_cБ. и.
_d1960
215 _a167 с.
_d21
300 _aЛитогр.
710 1 2 _aНаучное совещание по вопросам повышения эффективности капитальных вложений за счет сокращения сроков строительства
_eМосква
_f1960
_9688096
_3RU\NLR\AUTH\8810093460
801 0 _aRU
_bNLR
_gpsbo
801 1 _aRU
_bELAR
_2rusmarc
852 _aNLR
_j60-3/775
942 _cBOOK
980 _aNB